000 01491nam a2200361Ia 4500
001 ebr10279369
003 CaPaEBR
006 m u
007 cr cn|||||||||
008 960604s1997 nyua sb 001 0 eng d
010 _z 96026019
020 _z0195100409 (alk. paper)
020 _z9780195100402
040 _aCaPaEBR
_cCaPaEBR
035 _a(OCoLC)65171300
050 1 4 _aPS437
_b.C36 1997eb
082 0 4 _a813/.309355
_220
100 1 _aCamfield, Gregg.
245 1 0 _aNecessary madness
_h[electronic resource] :
_bthe humor of domesticity in nineteenth-century American literature /
_cGregg Camfield.
260 _aNew York :
_bOxford University Press,
_cc1997.
300 _axviii, 236 p. :
_bill.
504 _aIncludes bibliographical references (p. 213-225) and index.
533 _aElectronic reproduction.
_bPalo Alto, Calif. :
_cebrary,
_d2009.
_nAvailable via World Wide Web.
_nAccess may be limited to ebrary affiliated libraries.
650 0 _aAmerican wit and humor
_y19th century
_xHistory and criticism.
650 0 _aFamilies in literature.
650 0 _aHome in literature.
650 0 _aLiterature and society
_zUnited States
_xHistory
_y19th century.
650 0 _aMan-woman relationships in literature.
650 0 _aMarriage in literature.
655 7 _aElectronic books.
_2local
710 2 _aebrary, Inc.
856 4 0 _uhttp://site.ebrary.com/lib/rucke/Doc?id=10279369
_zAn electronic book accessible through the World Wide Web; click to view
999 _c3925
_d3925